Filipino 1 dinisenyo batay sa kurikulum ng k-12 : (Record no. 284811)
[ view plain ]
| 000 -LEADER | |
|---|---|
| fixed length control field | 00623nam a22001457a 4500 |
| 008 - FIXED-LENGTH DATA ELEMENTS--GENERAL INFORMATION | |
| fixed length control field | 150609b xxu||||| |||| 00| 0 eng d |
| 020 ## - INTERNATIONAL STANDARD BOOK NUMBER | |
| International Standard Book Number | 9789710161850 |
| 050 ## - LIBRARY OF CONGRESS CALL NUMBER | |
| Classification number | PL 6063. |
| Item number | SA181 2015 |
| 100 ## - MAIN ENTRY--PERSONAL NAME | |
| Personal name | Salum, Roselyn T. |
| 245 ## - TITLE STATEMENT | |
| Title | Filipino 1 dinisenyo batay sa kurikulum ng k-12 : |
| Remainder of title | ang ibong adarna at ang tatlong principe / |
| Statement of responsibility, etc | Roselyn T. Salum ; Cristiana S. Santos ; Grabriel B. Bautista Jr. ; Edited by Robinso K. Cedre .-- |
| 260 ## - PUBLICATION, DISTRIBUTION, ETC. (IMPRINT) | |
| Place of publication, distribution, etc | Malabon City |
| Name of publisher, distributor, etc | Jimczyville Publications |
| Date of publication, distribution, etc | c2015 |
| 300 ## - PHYSICAL DESCRIPTION | |
| Extent | i, 150 p., |
| Other physical details | ; 27 cm. |
| Accompanying material | Textbook |
| 700 ## - ADDED ENTRY--PERSONAL NAME | |
| Personal name | Santos, Cristiana S., Bautista, Gabriel B. Jr. |
| 942 ## - ADDED ENTRY ELEMENTS (KOHA) | |
| Source of classification or shelving scheme | Library of Congress Classification |
| Item type | Books |
| Withdrawn status | Lost status | Source of classification or shelving scheme | Damaged status | Home library | Current library | Shelving location | Date acquired | Source of acquisition | Total Checkouts | Full call number | Barcode | Date last seen | Price effective from | Koha item type |
|---|---|---|---|---|---|---|---|---|---|---|---|---|---|---|
| Library of Congress Classification | Luxembourg Library | Luxembourg Library | Teachers Reference Section | 06/09/2015 | Library Fund | PL 6063. SA181 2015 | 19987 | 06/24/2015 | 06/09/2015 | Books |